Budaya Warisan SELANGOR & PULAU PINANG

Bibliographic Details
Main Author: Nurhamiza Syakirah (Author)
Format: Book
Published: Ampang, Selangor : PENERBITAN ZAMZAM 2019
Series:Siri budaya warisan
Subjects:

MARC

LEADER 00000cam a2200000 7i4500
001 0000135702
005 20200212.0
008 200211s2019 my a g 0 bm
020 |a 9789670635859 
040 |a PERPUSTAM   |b eng   |c PERPUSTAM   |e rda 
090 0 0 |a J 959.5   |b NUR 
100 0 |a Nurhamiza Syakirah ,   |e author 
245 1 0 |a Budaya Warisan SELANGOR & PULAU PINANG   |c Nurhamiza Syakirah 
264 1 |a Ampang, Selangor :   |b PENERBITAN ZAMZAM   |c 2019 
300 |a 48 pages :   |b colour illustrations ;   |c 26 cm. 
336 |a text, rdacontent 
337 |a unmediated  |2 rdamedia 
338 |a volume  |2 rdacarrier 
490 0 |a SIRI BUDAYA WARISAN 
650 1 0 |a Malaysia   |x Social life and customs   |x Juvenile literature 
650 2 0 |a Johor (Malaysia)   |x Social life and customs 
650 2 0 |a Perlis (Malaysia)   |x Social life and customs 
830 0 |a Siri budaya warisan 
999 |a 0000640003   |b Buku   |c Koleksi Pinjaman Kanak-Kanak   |e Perbadanan Perpustakaan Awam Melaka 
999 |a 0000640004   |b Buku   |c Koleksi Pinjaman Kanak-Kanak   |e Perpustakaan Cawangan Jasin 
999 |a 0000640005   |b Buku   |c Koleksi Pinjaman Kanak-Kanak   |e Perpustakaan Cawangan Masjid Tanah 
999 |a 0000640006   |b Buku   |c Koleksi Pinjaman Kanak-Kanak   |e Perpustakaan Cawangan Merlimau 
999 |a 0000640007   |b Buku   |c Koleksi Pinjaman Kanak-Kanak   |e Perbadanan Perpustakaan Awam Melaka 
999 |a 0000640008   |b Buku   |c Koleksi Pinjaman Kanak-Kanak   |e Perbadanan Perpustakaan Awam Melaka 
999 |a 0000640009   |b Buku   |c Koleksi Pinjaman Kanak-Kanak   |e Perpustakaan Komuniti UTC Melaka 
999 |a 0000640010   |b Buku   |c Koleksi Pinjaman Kanak-Kanak   |e Perbadanan Perpustakaan Awam Melaka 
999 |a 0000640011   |b Buku   |c Koleksi Pinjaman Kanak-Kanak   |e Perbadanan Perpustakaan Awam Melaka 
999 |a 0000640012   |b Buku   |c Koleksi Pinjaman Kanak-Kanak   |e Perbadanan Perpustakaan Awam Melaka 
999 |a 0000640013   |b Buku   |c Koleksi Pinjaman Kanak-Kanak   |e Perbadanan Perpustakaan Awam Melaka